000 00447nam a22001817a 4500
003 MPLRDC
005 20220104165330.0
008 210129b ||||| |||| 00| 0 eng d
020 _a978-983-3-246-41-0
082 _a411 STR-3
100 _aRAY D. STRAND
245 _aDEATH BY PRESCRIPTION
_c
250 _a3RD PRINTING
260 _aMALAYSIA
_bADVANTAGE QUEST SDN BHD
_c2007
300 _b261
650 _aHEALTH
942 _cBK
_o411 STR-3
999 _c57404
_d57394